| Tag |
First Indicator |
Second Indicator |
Subfields |
| LEADER |
00000cam a2200000 i 4500 |
| 001 |
in00004247708 |
| 005 |
20260114221155.8 |
| 006 |
m o d |
| 007 |
cr cnu---unuuu |
| 008 |
190812t20202019mau o 000 0 eng |
| 010 |
|
|
|a 2019035143
|
| 020 |
|
|
|a 9781644692493
|q electronic book
|
| 020 |
|
|
|a 164469249X
|q electronic book
|
| 020 |
|
|
|a 9781644692509
|q electronic book
|
| 020 |
|
|
|a 1644692503
|q electronic book
|
| 020 |
|
|
|z 9781644692479
|q hardcover
|
| 020 |
|
|
|z 9781644692486
|q paperback
|
| 024 |
8 |
|
|a 40029972033
|
| 035 |
|
|
|a (DLC)ybp16513405
|
| 037 |
|
|
|a A4D357F4-636C-490E-BB12-142A9320191B
|b OverDrive, Inc.
|n http://www.overdrive.com
|
| 040 |
|
|
|a NhCcYBP
|c NhCcYBP
|d UtOrBLW
|
| 042 |
|
|
|a pcc
|
| 050 |
|
4 |
|a PJ5054.P69
|b W44 2020
|
| 082 |
0 |
0 |
|a 891.43/6
|2 23
|
| 100 |
1 |
|
|a Preigerzon, Zvi,
|d 1900-1969,
|e author.
|0 http://id.loc.gov/authorities/names/no91027613
|
| 240 |
1 |
0 |
|a Esh ha-tamid.
|l English
|
| 245 |
1 |
0 |
|a When the menorah fades /
|c Zvi Preigerzon ; edited by Alex Lahav ; translated by Binyamin Shalom.
|
| 264 |
|
1 |
|a Boston :
|b Cherry Orchard Books, an imprint of Academic Studies Press,
|c 2020.
|
| 264 |
|
4 |
|c ©2019
|
| 300 |
|
|
|a 1 online resource.
|
| 336 |
|
|
|a text
|b txt
|2 rdacontent
|
| 337 |
|
|
|a computer
|b c
|2 rdamedia
|
| 338 |
|
|
|a online resource
|b cr
|2 rdacarrier
|
| 500 |
|
|
|a With an introduction by Alex Lahav, "editor and grandson of Zvi Preigerzon."
|
| 505 |
0 |
0 |
|t Frontmatter --
|t Contents --
|t Introduction --
|t Part One --
|t Part Two
|
| 588 |
|
|
|a Description based on online resource; title from digital title page (viewed on June 25, 2020).
|
| 500 |
|
|
|a Electronic resource.
|
| 650 |
|
0 |
|a Hebrew fiction.
|0 http://id.loc.gov/authorities/subjects/sh85059865
|
| 655 |
|
7 |
|a Electronic books.
|2 local
|
| 700 |
1 |
|
|a Shalom, Binyamin,
|e translator.
|0 http://id.loc.gov/authorities/names/n2012038409
|
| 710 |
2 |
|
|a Walter de Gruyter & Co.
|0 http://id.loc.gov/authorities/names/n81126942
|
| 776 |
1 |
8 |
|i Print version:
|a Preigerson, 1900-1969.
|t When the menorah fades.
|d Boston : Cherry Orchard Books, an imprint of Academic Studies Press 2020
|z 9781644692479
|w (DLC) 2019035142
|
| 856 |
4 |
0 |
|u http://proxy.library.tamu.edu/login?url=https://www.degruyter.com/isbn/9781644692493
|z Connect to the full text of this electronic book
|t 0
|
| 955 |
|
|
|a YBP purchased approval e-records
|
| 980 |
|
|
|b 150.00
|g 1
|
| 999 |
f |
f |
|s 2b7c7ae6-f95a-36dc-9476-b470a5a9b5f7
|i 0a7b5535-cc64-3482-9048-06d85f392cf9
|t 0
|
| 952 |
f |
f |
|a Texas A&M University
|b College Station
|c Electronic Resources
|s www_evans
|d Available Online
|t 0
|e PJ5054.P69 W44 2020
|h Library of Congress classification
|
| 998 |
f |
f |
|a PJ5054.P69 W44 2020
|t 0
|l Available Online
|